Tribhuvan University Central Library

The story of a widow (Record no. 81559)

MARC details
000 -LEADER
fixed length control field 00507nam a22001937a 4500
008 - FIXED-LENGTH DATA ELEMENTS--GENERAL INFORMATION
fixed length control field 171102b xxu||||| |||| 00| 0 eng d
020 ## - INTERNATIONAL STANDARD BOOK NUMBER
International Standard Book Number 978-0-330-51114-8
082 ## - DEWEY DECIMAL CLASSIFICATION NUMBER
Classification number 823/F238s
100 ## - MAIN ENTRY--PERSONAL NAME
Personal name Farooqi, Musharraf Ali
245 ## - TITLE STATEMENT
Title The story of a widow
260 ## - PUBLICATION, DISTRIBUTION, ETC.
Place of publication, distribution, etc. New Delhi:
Name of publisher, distributor, etc. Pan Macmillan India,
Date of publication, distribution, etc. 2014.
300 ## - PHYSICAL DESCRIPTION
Extent 248p.
650 ## - SUBJECT ADDED ENTRY--TOPICAL TERM
Topical term or geographic name entry element English novel
650 ## - SUBJECT ADDED ENTRY--TOPICAL TERM
Topical term or geographic name entry element English literature
650 ## - SUBJECT ADDED ENTRY--TOPICAL TERM
Topical term or geographic name entry element English fiction
650 ## - SUBJECT ADDED ENTRY--TOPICAL TERM
Topical term or geographic name entry element Pakistani story
650 ## - SUBJECT ADDED ENTRY--TOPICAL TERM
Topical term or geographic name entry element Widowed mother
942 ## - ADDED ENTRY ELEMENTS (KOHA)
Source of classification or shelving scheme Dewey Decimal Classification
Koha item type General Collections
Holdings
Withdrawn status Lost status Source of classification or shelving scheme Damaged status Not for loan Home library Current library Shelving location Date acquired Total Checkouts Full call number Barcode Date last seen Date last checked out Price effective from Koha item type Total Renewals
    Dewey Decimal Classification     Tribhuvan University Central Library Tribhuvan University Central Library New Building 11/02/2017 5 823/F238s 156252 10/24/2024 10/21/2024 11/02/2017 General Collections  
    Dewey Decimal Classification     Tribhuvan University Central Library Tribhuvan University Central Library New Building 11/02/2017 5 823/F238s 156253 11/29/2022 12/07/2021 11/02/2017 General Collections 1